200 Most Popular Boys Names in the US (2024) - Statistics

General Stats
  • This quiz has been taken 575 times
  • The average score is 86 of 200
Answer Stats
Answer % Correct
21 J John
93%
1 L Liam
92%
3 O Oliver
91%
39 T Thomas
91%
10 W William
90%
2 N Noah
89%
18 M Michael
88%
5 J James
86%
15 J Jack
85%
6 H Henry
84%
33 M Matthew
84%
16 D Daniel
83%
31 D David
81%
91 J Jose
80%
11 B Benjamin
78%
27 A Alexander
77%
32 J Joseph
77%
23 L Luca
77%
94 L Luka
77%
124 G George
75%
17 S Samuel
75%
92 E Eli
74%
83 J Jonathan
73%
24 L Leo
73%
34 L Luke
73%
90 R Robert
73%
51 C Charles
72%
19 E Ethan
72%
41 J Jacob
72%
9 L Lucas
71%
35 J Jackson
70%
96 J Jaxon
70%
171 J Jaxson
70%
68 A Andrew
69%
8 E Elijah
69%
80 T Theo
69%
61 C Christopher
67%
87 R Ryan
67%
130 L Luis
66%
62 N Nathan
66%
191 T Tyler
66%
100 A Adam
65%
57 J Joshua
65%
148 J Jason
64%
40 I Isaac
63%
141 L Leon
63%
118 N Nicholas
63%
185 N Nicolas
63%
26 O Owen
63%
44 A Anthony
62%
76 K Kai
62%
4 T Theodore
62%
42 M Mason
61%
79 A Aaron
60%
47 A Aiden
60%
143 E Evan
60%
46 L Logan
59%
192 P Peter
59%
194 Z Zachary
59%
59 J Jayden
56%
7 M Mateo
56%
138 M Matteo
56%
102 X Xavier
56%
199 J Justin
55%
176 C Charlie
54%
43 G Gabriel
54%
104 J Jordan
54%
75 I Ian
52%
196 K Kevin
52%
175 M Max
52%
167 A Alan
51%
45 C Carter
50%
14 S Sebastian
50%
144 N Nathaniel
49%
28 D Dylan
48%
105 A Arthur
47%
121 H Harrison
47%
30 J Julian
47%
77 C Christian
46%
93 J Jeremiah
46%
137 J Juan
46%
84 L Leonardo
46%
12 L Levi
46%
111 V Vincent
46%
38 W Wyatt
46%
126 J Jonah
45%
66 C Cameron
44%
150 E Elliot
44%
163 E Elliott
44%
136 C Connor
43%
20 A Asher
42%
69 B Beau
42%
50 C Cooper
42%
48 G Grayson
42%
127 G Greyson
42%
135 C Carlos
41%
25 E Elias
41%
13 E Ezra
41%
56 I Isaiah
41%
37 M Miles
41%
99 M Myles
41%
123 C Carson
39%
49 C Caleb
38%
154 H Hayden
38%
125 K Kayden
38%
128 H Hunter
37%
107 A Austin
36%
153 I Ivan
36%
54 E Ezekiel
35%
73 L Lincoln
35%
120 M Milo
35%
58 W Wesley
35%
72 A Adrian
34%
22 H Hudson
34%
164 J Jesus
34%
53 J Josiah
34%
156 J Jude
34%
97 P Parker
34%
180 A Antonio
33%
188 A Ashton
33%
162 C Cole
33%
142 D Dean
33%
106 L Landon
33%
70 W Weston
33%
187 J Jesse
32%
182 M Maxwell
32%
190 B Brayden
31%
71 R Rowan
31%
78 A Axel
30%
173 C Chase
30%
119 E Emmett
30%
64 N Nolan
30%
52 R Roman
30%
198 F Finn
29%
86 M Micah
29%
98 C Colton
28%
110 D Damian
28%
117 J Jameson
28%
36 M Maverick
28%
108 D Dominic
27%
197 A Andres
26%
115 A Archer
26%
159 C Callum
26%
112 R River
26%
63 A Angel
25%
114 J Jace
25%
169 J Jayce
25%
189 M Miguel
25%
60 B Bennett
24%
129 G Graham
24%
85 E Everett
23%
133 J Jasper
23%
134 R Ryder
23%
29 S Santiago
23%
132 S Sawyer
23%
82 W Walker
23%
151 Z Zion
23%
184 A Alejandro
22%
140 C Calvin
22%
81 S Silas
22%
146 A Arlo
21%
88 A August
21%
103 E Easton
21%
193 C Camden
20%
145 D Diego
20%
181 E Emmanuel
20%
65 W Waylon
20%
74 E Enzo
19%
179 J Judah
19%
200 T Tucker
19%
67 B Brooks
18%
177 F Felix
18%
122 G Giovanni
18%
149 M Malachi
18%
147 B Bryson
17%
131 D Declan
17%
116 L Lorenzo
17%
158 M Matias
17%
183 R Ryker
17%
101 A Atlas
16%
170 B Braxton
16%
165 A Ace
15%
161 J Jett
15%
55 T Thiago
15%
186 B Barrett
14%
139 D Dawson
14%
152 E Emilio
14%
195 T Tatum
14%
166 B Beckett
13%
89 G Gael
13%
168 B Beckham
12%
174 R Rhett
12%
95 A Amir
11%
178 K Kingston
11%
109 A Adriel
10%
172 A Amari
9%
113 E Emiliano
9%
157 L Legend
9%
155 S Stetson
8%
160 H Hayes
5%
No matching quizzes found
Score Distribution
Percent of People with Each Score
Percentile by Number Answered
Your Score History
You have not taken this quiz